000 00603nam a2200205Ii 4500
001 8956
003 CO-ViMGA
008 241108s9999||||xx |||||||||||||| ||und||
040 _aCO-ViMGA
_bspa
_erda
_cCO-ViMGA
041 0 _aspa
082 0 4 _a070.449 A662
100 1 _aCarlos Arango Z.
_945382
245 1 0 _aGuerrillas :
_bFARC-EP: Crónicas y testimonios de guerra
264 1 _aBogotá, Colombia : Ecoe, 1984
300 _avolumen
336 _atext
_btxt
_2rdacontent
337 _aunmediated
_bn
_2rdamedia
338 _avolume
_bnc
_2rdacarrier
940 _aidficha_siabuc: 8756. -- ficha_no_siabuc:8956
999 _c39906
_d39906